| 000 | 00000nam##2200000za#4500 |
| 001 | 9.646472 |
| 003 | CaOODSP |
| 005 | 20200428124319 |
| 007 | ta |
| 008 | 150407|1996||||xxc||||| f|0| 0 eng|d |
| 020 | |a1-895643-46-5 |
| 040 | |aCaOODSP|beng |
| 043 | |an-cn--- |
| 086 | 1 |aEn133-27/1996E |
| 110 | 2 |aNational Round Table on the Environment and the Economy (Canada) |
| 245 | 10|aState of the debate on the environment and the economy: water and wastewater services in Canada |
| 260 | |aOttawa - Ontario : |bNational Round Table on the Environment and the Economy |c1996. |
| 300 | |a39p. : |bgraph ; |c28 cm. |
| 500 | |aContents: Introduction.--Analysis of Canada's water and wastewater system.--Toward a more rational water and wastewater system.--Benefits of a more rational water and wastewater system.--Results of the NRTEE's national multistakeholder consultation.--Advice to stakeholders.--Conclusion.--Appendix.--Bibliography. |
| 504 | |aBibliography. |
| 563 | |aSoftcover |
| 590 | |a98-36|b1998-09-04 |
| 690 | 07|aWaste management|2gcpds |
| 775 | 08|tL'État du débat sur l'environnement et l'économie: les services des eaux et des eaux usées au Canada |w(CaOODSP)9.680021 |
| 776 | 0#|tState of the debate on the environment and the economy : |w(CaOODSP)9.694124 |